Tilastot visalle Fazer-visa

Klikkaa tästä pelataksesi tätä visaa!

Yleistilastot

  • Tätä visaa on pelattu 75 kertaa
  • Keskiarvotulos 19 / 95

Vastaustilastot

TYYPPINIMI% Oikein
SUKLAAFazerin Sininen
92%
SUKLAADa-Capo
63%
SUKLAAJim
59%
SUKLAAKismet
59%
KARKKIÄssä Mix
58%
SUKLAASuffeli
56%
SUKLAADumle
54%
KARKKIPihlaja
51%
SUKLAAGeisha
49%
KARKKIMarianne
47%
SUKLAAPätkis
47%
KEKSIDomino
46%
KARKKIFazerin Parhain
46%
KARKKIAarrearkku
44%
KEKSIFasupala
42%
KARKKIFazer Salmiakki
42%
KARKKIRemix
42%
KARKKIPantteri
41%
KARKKISalmiakki
41%
SUKLAAJulia
39%
PURUKUMIXylimax
39%
SUKLAAFazermint
37%
Leipää valmistava
tytäryhtiö
Oululainen
37%
TUOTEPERHE
(esim. muroja, puuroja
ja aterialisäkkeitä)
Fazer Alku
36%
SUKLAAFazerina
36%
KARKKILakritsi
36%
KEKSIDoris
34%
KARKKITutti Frutti
34%
KARKKIKiss-Kiss
32%
KARKKILontoo rae
32%
KARKKIOmar
32%
LEIPÄPuikula
31%
KARKKIVihreät kuulat
31%
KAURATUOTEFazer Aito
29%
KEKSICarneval
27%
LEIPÄPaahto
27%
SUKLAAFami
22%
KEKSIJaffa
22%
KARKKITyrkisk Peber
22%
KARKKIMuumi
20%
SUKLAASusupala
20%
SUKLAASkolekridt
19%
KARKKIAmerikan pastillit
17%
KARKKIIslanti
17%
KARKKIFinlandia
15%
SUKLAAMignon
15%
LEIPÄJälkiuuni
12%
LEIPÄReal
12%
LEIPÄReilu
12%
SUKLAARASIASininen & Valkoinen
12%
KARKKIAvec
10%
SUKLAATaloussuklaa
10%
KARKKIAmazon
8%
KEKSIJyväshyvä
8%
LEIPÄLemppari
8%
KARKKIOrange
8%
SUKLAAFazer Liqueur Fills
7%
KARKKIMakea Moka
7%
KARKKIEucalyptus
5%
GLUTEENITONFazer Gluteeniton
5%
LEIPÄJuuresleipä
5%
LEIPÄKiireetön
5%
KEKSIMuro
5%
KEKSISuklaalehti
5%
SUKLAATofferina
5%
LEIPÄVatsaystävällinen
5%
KARKKIAngry Birds
3%
TUOTESARJA
(leivontaan)
Fazer Leipurit
3%
KAURATUOTEFazer Willja
3%
KAURATUOTEFazer Yosa
3%
KARKKIMerkkari
3%
KARKKIPax
3%
SUKLAAPure Dark
3%
KARKKITosca
3%
SUKLAAWienernougat
3%
LEIPÄArjen ihana
2%
SUKLAACrunchy
2%
KARKKIEuca-Menthol
2%
TUOTESARJA
(aivoystävällistä ruokaa)
Fazer Brainhow
2%
KEKSIHangon
2%
KEKSIKesäkassi
2%
SUKLAARASIAKlassikot
2%
KARKKILakta
2%
KARKKINurmi-pastillit
2%
SUKLAARASIAPresent
2%
KARKKIRex
2%
SUKLAARASIACollection
0%
KAURATUOTEKaura Choco
0%
SUKLAARASIAMoments
0%
LEIPÄPehmo
0%
KARKKISalta Katten
0%
KARKKISöta Katten
0%
LEIPÄStreet Food
0%
KARKKISura Katten
0%
Gluteenittomia tuotteita
valmistava tytäryhtiö
Vuohelan
0%

Tulosjakauma

Persentiili vastausten määrän mukaan

Jokaisen tuloksen saaneiden osuus

Tuloshistoriasi

Et ole pelannut tätä visaa